=LDR 00000nam 2200000 4500 =001 INLIS000000000027173 =005 20200227065832 =035 ##$$a 0010-061300000027173 =008 200227################g##########0#ind## =041 ##$$a Ind =082 ##$$a 174.2 =090 ##$$a 174.2, Suh e =100 ##$$a Suhaemi, Mimin Emi =245 1#$$a Etika keperawatan, aplikasi pada praktik, Mimin Emi Suhaeni ; editor, Monica Ester /$c Mimin emi suhaeni ; Editor, Monica ester =260 ##$$a Jakarta :$b Egc,$c 2003 =300 ##$$a Ix, 105 hlm : $b Ilus ; $c 14 x 20, 5 Cm =650 #4$$a Etika kepegawaian =850 ##$$a NBPNMAT =020 ##$$a 979-448-656-6 =084 ##$$a 174.2 SUH e =250 ##$$a Cet. 1 =504 ##$$a Bibliografi : hlm. 101 - 102 =520 ##$$a Indeks : hlm. 103 - 105 =990 ##$$a 20707508/ Pb- 07